Nonstandard Methods of Analysis

Αποθηκεύτηκε σε:
Λεπτομέρειες βιβλιογραφικής εγγραφής
Κύριος συγγραφέας: Kusraev, A. G.
Άλλοι συγγραφείς: Kutateladze, S. S. (Semen Samsonovich)
Μορφή: Βιβλίο
Γλώσσα:English
Δημοσίευση: Dordrecht ; Boston : Kluwer Academic Publishers, c1994
Σειρά:Mathematics and its applications ; ; 291
Θέματα:
Ετικέτες: Προσθήκη ετικέτας
Δεν υπάρχουν, Καταχωρήστε ετικέτα πρώτοι!

MARC

LEADER 00000nam a2200000 i 4500
001 1/50054
008 950914s1994 eng d
020 |a 0-7923-2892-2 
035 |a 1995  |c ΧΑΤΖΗΣΑΒΒΑΣ  |l 10043778 
040 |a GR-MY-UA  |b gre  |e aacr 
041 0 |a eng 
082 0 |a 515. 
100 1 |a Kusraev, A. G. 
245 1 0 |a Nonstandard Methods of Analysis /  |c by Anatoly G. Kusraev and Semen S. Kutateladze 
260 |a Dordrecht ; Boston :   |b Kluwer Academic Publishers,   |c c1994 
300 |a viii, 435 p.;  |b ill.;  |c 25 cm. 
490 1 |a Mathematics and its Applications  |v ; 291 
500 |a Includes bibliographical references and index 
650 0 0 |a Nonstandard mathematical analysis. 
700 1 |a Kutateladze, S. S.  |q (Semen Samsonovich) 
830 0 |a Mathematics and its applications ;  |v ; 291 
852 |a INST  |b SAMOS  |e 19950914  |h 515 KUS  |p 005300005050  |q 005300005050  |t BK  |y 0 
909 |a Σ  |b 041171